000 00702nam a2200253 i 4500
001 C2-0325774
003 PPAK
005 20180728123746.0
008 140303s2013 my |||| ||||| | may d
020 _a9789670246475
040 _aPPAK
_beng
_cPPAK
_erda
082 0 4 _a899.233
_223
090 0 0 _a899.233
_bMAR
_dG
100 0 _aMarissa,
_eauthor
245 1 0 _aYang manis
264 1 _aBandar Mahkota Cheras, Selangor :
_bPenerbitan Karyaseni ,
_c2013
300 _aiii, 453 pages ;
_c18 cm
336 _2rdacontent
_atext
337 _2rdamedia
_aunmediated
338 _2rdacarrier
_avolume
650 1 0 _aMalay fiction.
700 0 _aJabatan Editorial Karyaseni,
_eeditor
942 _ddc
_cB
999 _c125473
_d125473